| Tag |
First Indicator |
Second Indicator |
Subfields |
| LEADER |
00000cam a22000005a 4500 |
| 001 |
in00000097029 |
| 005 |
20150924084915.0 |
| 008 |
801202s1980 iduab b 00000 eng d |
| 010 |
|
|
|a 80052312
|
| 020 |
|
|
|a 0893010723
|
| 035 |
|
|
|a (OCoLC)06991161
|
| 035 |
|
|
|9 AAK8898AM
|
| 040 |
|
|
|a GSU
|c GSU
|d TXA
|d UtOrBLW
|
| 043 |
|
|
|a n-usp--
|
| 049 |
|
|
|a TXAC
|c [1655907]
|
| 090 |
|
|
|a G1466 H1
|b M55
|
| 245 |
0 |
0 |
|a Mineral atlas of the Pacific Northwest /
|c by Mark Bryant [and others] ; under the direction of Alan A. DeLucia.
|
| 255 |
|
|
|a Scale 1:3,500,000.
|
| 264 |
|
1 |
|a Moscow, Idaho :
|b University Press of Idaho,
|c [1980]
|
| 264 |
|
4 |
|c ©1980
|
| 300 |
|
|
|a 27 pages :
|b illustrations, color maps ;
|c 28 x 44 cm.
|
| 336 |
|
|
|a text
|b txt
|2 rdacontent
|
| 337 |
|
|
|a unmediated
|b n
|2 rdamedia
|
| 338 |
|
|
|a volume
|b nc
|2 rdacarrier
|
| 504 |
|
|
|a Bibliography: pages 26-27.
|
| 650 |
|
0 |
|a Mines and mineral resources
|z Northwest, Pacific
|x Maps.
|
| 700 |
1 |
|
|a Bryant, Mark.
|
| 700 |
1 |
|
|a DeLucia, Alan Anthony,
|d 1938-
|
| 999 |
|
|
|a MARS
|
| 999 |
f |
f |
|s 0ea8be47-b253-337c-b83e-26650390ce88
|i d34eb666-8ed5-3de6-86f8-ca7acafe9b12
|t 0
|
| 952 |
f |
f |
|p normal
|a Texas A&M University
|b College Station
|c Sterling C. Evans Library
|d Evans: Maps (2nd floor)
|t 0
|e G1466.H1 M55
|f Oversize
|h Library of Congress classification
|i unmediated -- volume
|m A14827850384
|
| 998 |
f |
f |
|a G1466.H1 M55
|t 0
|l Evans: Maps (2nd floor)
|